Normal view
MARC view
Entry Topical Term
001 - CONTROL NUMBER
- control field: 50728
003 - CONTROL NUMBER IDENTIFIER
- control field: OSt
005 - DATE AND TIME OF LATEST TRANSACTION
- control field: 20250219143804.0
008 - FIXED-LENGTH DATA ELEMENTS
- fixed length control field: 250219|| aca||aabn | a|a d
040 ## - CATALOGING SOURCE
- Original cataloging agency: OSt
- Transcribing agency: OSt
150 ## - HEADING--TOPICAL TERM
- Topical term or geographic name entry element: Local, Critical, Normative, Institutions, Liberal democracy.
670 ## - SOURCE DATA FOUND
- Source citation: Work cat.: (OSt): Barnett, Neil 50727, Meeting the critical challenge: Re-tooling and re-founding defences of local democratic institutions
